00612nam a2200181 i 450000100060000000300090000600500170001500700030003200800410003510000310007624500560010726000400016330000330020350000230023685200320025999900170029195201220030833581ES-MaACL20230906154801.0t|030202s1972 sp ||||1| spa d1 aBlanch, Montserrat.92913313aEl arte gótico en España / cMontserrat Blanch. aBarcelona : bPolígrafa, c[1972] a378 p., 48 lám. ; c23 cm. aEd. multilingüe. aES-MaACLjC-42609 bR.81776 c33581d33581 00104070aATENEOMbATENEOMcDEPO2d2008-01-17eSCl0oC-42609p1034943r2023-02-23 00:00:00w2023-02-23yMONOGRAFIA